000 00622nam a22001937a 4500
005 20240902073103.0
008 240902b |||||||| |||| 00| 0 eng d
020 _a9788197377525
040 _aIN-DiNC
_cIN-DiNC
041 _deng
082 _a333
_bAHM
100 _aAhmed, Rofique
_eauthor
245 _aRural development institutions and programmes in India/
_cby Rofique Ahmed and Julfiqueara Begum
260 _aJorhat:
_bNorth East Institute of Research Consultancy and Publication,
_c2024.
300 _a240p.
650 _aRural developmentin India
700 _aBegum, Julfiqueara
_eauthor
942 _2ddc
_cBK
999 _c11918
_d11918